Top 20 größte deutschsprachige Youtuber - Statistiken

Allgemein
  • Dieses Quiz wurde 2.150 mal gespielt
  • Das Durchschnittsergebnis liegt bei 7 aus 20
Antwortstatistiken
Abonnenten Youtuber % Korrekt
6.14M Julien Bam
76%
5.11M Paluten
73%
5.83M BibisBeautyPalace
70%
2.96M MontanaBlack
65%
4.95M Gronkh
61%
3.36M rewinside
48%
3.72M GermanLetsPlay
43%
3.72M ungespielt
43%
3.93M Dagi Bee
41%
4.95M laserluca
40%
3.21M Felix von der Laden
36%
3.93M Julienco
32%
3.58M ApeCrime
20%
3.36M iCrimax
19%
3.35M Standart Skill
16%
3.07M YTITTY
14%
2,84M Shirin David
10%
4.18M Simon Desue
10%
3.72M Freshtorge
7%
2.88M JONAS
3%
Keine übereinstimmenden Quizze gefunden
Verteilung der Resultate
Anzahl Personen mit jedem Resultat
Perzentil nach korrekt beantworteten Fragen
Ihre Resultats-Entwicklung
Sie haben dieses Quiz noch nicht gespielt